Fawlty Towers Quotes - Statistics

General Stats
  • This quiz has been taken 746 times
    239 since last reset
  • The average score is 8 of 14
Answer Stats
Speaker Quote % Correct
Basil Don't mention the {War}
97%
Sybil You'll have to forgive him. He's from {Barcelona}
88%
Basil Ah well, if you don't like duck, you're rather {stuck}
65%
Basil I've laid it on the line for you time and time again! Right! So this is it! I'm gonna give you a damn good {thrashing}!
65%
Basil You CAN see the sea. It's over there between the {land} {and} {the} {sky}.
65%
Basil My little nest of {vipers}
60%
Basil Excuse me, is this a piece of your {brain}?
57%
Basil May I ask what you were expecting to see out of a Torquay hotel bedroom window? The Sydney Opera House perhaps? The Hanging Gardens of Babylon? Herds of {wildebeest} sweeping majestically?
55%
Mr. Hamilton Took five hours from London. Couldn't find the freeway, had to take a little back street called the {M5}
55%
Basil Can't we get you on Mastermind, Sybil? Next contestant: Mrs Sybil Fawlty from Torquay. Specialist subject: {the} {bleeding} {obvious}.
49%
Sybil Do you really imagine, even in your wildest dreams, that a girl like this could possibly be interested in an aging, Brilliantine {stick} {insect} like you?
40%
Basil Why don't you have another {vat} of wine, dear?
39%
Basil This Basil's wife. This Basil. This {smack} {on} {head}
34%
Mr. Hutchins Now is it possible for me to reserve the BBC2 channel for the duration of this {televisual} {feast}
30%
No matching quizzes found
Score Distribution
Percent of People with Each Score
Percentile by Number Answered
Your Score History
You have not taken this quiz since the last reset